Gateway to the great books

Αποθηκεύτηκε σε:
Λεπτομέρειες βιβλιογραφικής εγγραφής
Άλλοι συγγραφείς: Adler, Mortimer Jerome 1902- (Επιμελητής έκδοσης), Hutchins, Robert Maynard, 1899-1977 (Επιμελητής έκδοσης), Fadiman, Clifton, 1904-1999 (Επιμελητής έκδοσης)
Μορφή: Βιβλίο
Γλώσσα:English
Δημοσίευση: Chicago : Εncyclopaedia Britannica, Inc. : William Benton, c1963
Θέματα:
Ετικέτες: Προσθήκη ετικέτας
Δεν υπάρχουν, Καταχωρήστε ετικέτα πρώτοι!

MARC

LEADER 00000cam a2200000 a 4500
001 1/116264
008 180329t1963####us | ||| |||| ||eng||
040 |a GR-MyUa  |b gre  |c GR-MyUa  |e AACR2 
041 0 |a eng 
082 7 |a 510 
082 7 |2 (23) 
245 1 0 |a Gateway to the great books /   |c Εditors in chief Robert M. Hutchins, Mortimer J. Adler ; associate editor Clifton Fadiman.  
260 |a Chicago :   |b Εncyclopaedia Britannica, Inc. :   |b William Benton,   |c c1963 
300 |a τ.9. (348 σ.) ;   |c 24 εκ.  
505 8 |a Τ. 9. Mathematics 
650 0 |a Mathematics and literature. 
650 0 |a Literature and science. 
650 0 |a Literature  |v Collections. 
700 1 |a Adler, Mortimer Jerome  |d 1902-  |e edt 
700 1 |a Hutchins, Robert Maynard,   |d 1899-1977,  |e edt 
700 1 |a Fadiman, Clifton,  |d 1904-1999,  |e edt 
740 0 |a Mathematics.  
852 |a INST  |b SAMOS  |e 20180330  |h 510 GAT  |p 005300045365  |q 005300045365  |t BK  |v τομ.1:  |y 0 
853 |a INST  |b SAMOS  |h 510 GAT 
970 |a Φιλιππή  |b Φάλη  |z 29-03-2018